Lapidárium. IV
Elmentve itt :
| Szerző: | |
|---|---|
| Adatforrás: | Meister |
| Forrásdokumentuma: | A Hét. - 2001. 23-28 ; 33-38 ; 41-43, 11. |
| Nyelv: | magyar |
| Kulcsszavak: | eseu politic politikai esszé political essay |
| LEADER | 00389nab a2200145 i 4500 | ||
|---|---|---|---|
| 001 | bibPRO00011871 | ||
| 008 | 080908s2001 xx hun | ||
| 040 | |a Sz1 | ||
| 041 | |a hun | ||
| 100 | 1 | |a KAPUSCINSKI Ryszard | |
| 245 | 1 | 0 | |a Lapidárium. IV |c KAPUSCINSKI Ryszard |
| 695 | |a eseu politic | ||
| 695 | |a politikai esszé | ||
| 695 | |a political essay | ||
| 773 | 0 | |t A Hét. - |g 2001. 23-28 ; 33-38 ; 41-43, 11. | |